00481nam a2200181Ia 450000500170000000800410001702000150005808200190007310000160009224500610010826000480016930000160021765000140023365000100024765000130025765000130027065000160028320250317062702.0240331s9999 xx 000 0 und d a0802067026 a301bSMI24417 aSmith, D. E 4aThe Everyday World As Problematic:bA Feminist Sociology aToronto,bUniversity of Toronto Pressc1987 avi, 244 p., aSociology aWomen aFeminism aPolitics aEthnography